Old Testament Trivia - Statistics

General Stats
  • This quiz has been taken 184 times
  • The average score is 9 of 22
Answer Stats
Question Answer % Correct
Book that gives an account of the birth of Moses Exodus
80%
Aaron's tribe of Israel Levi
72%
The river in the above question Jordan
68%
Names of Noah's sons Ham
63%
Shem
62%
Queen who risked her life when she sought audience with her husband Esther
61%
Ruth's mother-in-law Naomi
61%
Emblem of the Tribe of Judah Lion
57%
Naaman was cured of what by washing in a dirty river Leprosy
49%
Prophet who multiplied a widow's oil and told her to sell it to pay her debts Elisha
42%
Number of characters in the Hebrew alphabet 22
41%
Japheth
41%
Books in the Old Testament 39
38%
Eighth of the Ten Commandments Thou Shalt Not Steal
37%
Collected the materials for the Temple of Solomon David
32%
Makes reference to the desert blossoming as a rose Isaiah
17%
Manoah's son Samson
14%
Taught the Egyptians astronomy Abraham
13%
Elijah used this to part the waters of the Jordan River His mantle
9%
Enoch's father Jared
5%
Name of the 12 unleavened cakes placed in 2 piles on a special table in the Tabernacle Shewbread
4%
Most common function of the "judges" of Israel Military Leadership
2%
No matching quizzes found
Score Distribution
Percent of People with Each Score
Percentile by Number Answered
Your Score History
You have not taken this quiz